000 00827nam a2200337Ia 4500
001 3346
003 6784
005 20241002063723.0
008 ||||||n9999 ||| || ||
041 _aspa
082 _219
_a330101
100 _aFossati, Eraldo
_96291
245 0 _aPolitica economica racional
260 _aEspaña :
_bAguilar,
_c1961.
300 _a262p
490 _aBiblioteca de ciencias sociales. Seccion primera economia
562 _e2
650 0 _aAnálisis económico
_9262
650 0 _aPolítica económica
_9154
650 _aSISTEMA MONETARIO INTERNACIONAL
_96293
650 0 _aHistoria económica
_92064
942 _cBKM
942 _cBKM
999 _c3346
_d3346
526 _a116204
526 _a4969
526 _a19790
526 _a104436
526 _a5144
526 _a51868
526 _a1697